header

Haimovici's vascular surgery (Record no. 78258)

MARC details
000 -LEADER
fixed length control field 02082nam a2200361 a 4500
082 04 - DEWEY DECIMAL CLASSIFICATION NUMBER
Classification number 617.4/13
245 00 - TITLE STATEMENT
Title Haimovici's vascular surgery
250 ## - EDITION STATEMENT
Edition statement 6th ed.
260 ## - PUBLICATION, DISTRIBUTION, ETC. (IMPRINT)
Place of publication Chichester, West Sussex [England] :
Name of publisher Wiley-Blackwell,
Year of publication 2012.
300 ## - PHYSICAL DESCRIPTION
Number of Pages xxiii, 1317 p. :
Other physical details ill. (some col.)
505 0# - FORMATTED CONTENTS NOTE
Formatted contents note pt. 1. Vascular imaging techniques and physiologic testing -- pt. 2. Basic science in vascular diseases -- pt. 3. Basic open vascular techniques -- pt. 4. Open surgical exposure of arteries -- pt. 5. Cerebrovascular insufficiency -- pt. 6. Aortic and iliac aneurysms -- pt. 7. Visceral vessels -- pt. 8. Lower extremity occlusive and non-occlusive arterial disease -- pt. 9. Vascular trauma -- pt. 10. Upper extremity vascular disease -- pt. 11. Arterial-venous malformation, access for hemodialysis and portal hypertension -- pt. 12. Venous and lymphatic disorders -- pt. 13. Amputations and rehabilitation.
650 #0 - SUBJECT ADDED ENTRY--TOPICAL TERM
Topical Term Blood-vessels
Topical Term Blood-vessels
700 1# - ADDED ENTRY--PERSONAL NAME
Personal name Haimovici, Henry,
Personal name Ascher, Enrico.
856 40 - ELECTRONIC LOCATION AND ACCESS
Uniform Resource Identifier http://site.ebrary.com/lib/rucke/Doc?id=10575646

No items available.

© 2026 Rongo University
Contact us: librarian | system librarian | Rongo university